• 首页
  • 本馆介绍
  • 公告通知
  • 最新文献
  • 馆藏检索
  • 电子资源
  • 读者导购
  • 参考咨询
  • 我的图书馆
  • 登录
  • 详细信息显示
  • 放入我的书架
  • 预约/预借图书
  • 作者相关作品
  • 分类相关作品
  • 丛书相关作品
  • 出版社相关作品

书目信息

  • 表格格式
  • 工作单格式
  • 卡片格式
题名:
习近平新时代中国特色社会主义思想专题摘编
    
 
作者: ;中共中央党史和文献研究院、中央学习贯彻习近平新时代中国特色社会主义思想主题教育领导小组办公室
分册:  
出版信息: 北京    2023.04
页数: 593页
开本: 20cm
丛书名:
单 册:
中图分类: D610.4
科图分类:
主题词: 政治--中国
电子资源:
ISBN:
000 01117nam0 2200181 450
001 2335717296
005 20240926152813.38
100    @a20230531d2023 km y0chiy0120 ea
101 0  @achi
102    @aCN@b110000
200 1  @a习近平新时代中国特色社会主义思想专题摘编@AXi Jin Ping Xin Shi Dai Zhong Guo Te Se She Hui Zhu Yi Si Xiang Zhuan Ti Zhai Bian@f中共中央党史和文献研究院、中央学习贯彻习近平新时代中国特色社会主义思想主题教育领导小组办公室@FZhong Gong Zhong Yang Dang Shi He Wen Xian Yan Jiu Yuan、Zhong Yang Xue Xi Guan Che Xi Jin Ping Xin Shi Dai Zhong Guo Te Se She Hui Zhu Yi Si Xiang Zhu Ti Jiao Yu Ling Dao Xiao Zu Ban Gong Shi
210    @a北京@d2023.04
215    @a593页@d20cm
606 0  @a政治@x中国
690    @aD610.4@v4
711 02 @a中共中央党史和文献研究院、中央学习贯彻习近平新时代中国特色社会主义思想主题教育领导小组办公室@AZhong Gong Zhong Yang Dang Shi He Wen Xian Yan Jiu Yuan、Zhong Yang Xue Xi Guan Che Xi Jin Ping Xin Shi Dai Zhong Guo Te Se She Hui Zhu Yi Si Xiang Zhu Ti Jiao Yu Ling Dao Xiao Zu Ban Gong Shi
801  0 @aCN@b大连网信软件有限公司图书馆·11@c20240926
905    @aZUCC@dD610.4@e345
    
    习近平新时代中国特色社会主义思想专题摘编/中共中央党史和文献研究院、中央学习贯彻习近平新时代中国特色社会主义思想主题教育领导小组办公室.-北京,2023.04
    593页;20cm
    
    
    ISBN :
    
●
相关链接 在E读中查询图书 在五车中查询图书 在当当中查询图书 在豆瓣中查询图书


正题名:习近平新时代中国特色社会主义思想专题摘编     索取号:D610.4/345         预约/预借

序号 登录号 条形码 馆藏地/架位号 状态 备注
1 0568746   205687461   第一借阅区/ [索取号:D610.4/345] 在馆    
2 1052817   210528179   第一样本阅览室/ [索取号:D610.4/345] 在馆    
3 1052818   210528188   第一借阅区/ [索取号:D610.4/345] 在馆    
4 1052819   210528197   第一借阅区/ [索取号:D610.4/345] 在馆    
5 1423905   214239055   密集书库2/ [索取号:D610.4/345] 在馆    
6 1423906   214239064   密集书库2/ [索取号:D610.4/345] 在馆    
7 1423907   214239073   密集书库2/ [索取号:D610.4/345] 在馆    
8 1423908   214239082   密集书库2/ [索取号:D610.4/345] 在馆    
9 1423909   214239091   密集书库2/ [索取号:D610.4/345] 在馆    
10 1423910   214239108   密集书库2/ [索取号:D610.4/345] 在馆    
11 1423911   214239117   密集书库2/ [索取号:D610.4/345] 在馆    
12 1423912   214239126   密集书库2/ [索取号:D610.4/345] 在馆    
欢迎您!
大连网信软件有限公司© 版权所有